KOHA-Header-6

Xmil and Java Developinhg Web Applications (Record no. 7463)

000 -LEADER
fixed length control field 00277nam a2200109Ia 4500
100 ## - MAIN ENTRY--AUTHOR NAME
Personal name Maruyama,Hiroshi
245 #0 - TITLE STATEMENT
Title Xmil and Java Developinhg Web Applications
260 ## - PUBLICATION, DISTRIBUTION, ETC. (IMPRINT)
Place of publication England
Name of publisher Addision
Year of publication 1999
300 ## - PHYSICAL DESCRIPTION
Number of Pages 386
942 ## - ADDED ENTRY ELEMENTS (KOHA)
Koha item type Books
Holdings
Withdrawn status Lost status Collection code Permanent Location Current Location Shelving location Date acquired Full call number Accession Number Koha item type
    Computer Science MAJU MAJU   2019-09-12 005.133 1335 Computer Science

Powered by Koha